'A' Pictures by Category Quiz Stats

 Plays Quiz Updated Sep 24, 2018

Challenge
Share
Tweet
Score 0/36 Timer 04:00
0 Plays Today
Picture Name % Correct
_________________
100%
_________________
99.9%
_________________
99.9%
_________________
99.9%
_________________
99.9%
_________________
99.9%
Asparagus
91.8%
Astronaut
89.7%
Acrobat
82.3%
Animal Crackers
79.3%
American Airlines
77.1%
AT&T
70.8%
Anchovies
69.5%
Appletini
67.9%
Acupuncturist
67%
Amy
62.8%
Andrew
61.6%
Atari
60.2%
Picture Name % Correct
Alicia
58.1%
Allstate
56%
Aristotle
53.6%
Amsterdam
51.9%
Athens
48.2%
Acura
47.3%
Announcer
47.2%
Anthony
41.4%
Atlanta
37.3%
Absinthe
37.1%
Albert
32.8%
Alexander the Great
31.9%
Air Traffic Controller
28.2%
Archimedes
19.4%
Ankara
17.8%
Augustus
16.6%
Attila
8.8%
Algiers
2.6%

You're not logged in!

Compare scores with friends on all Sporcle quizzes.
OR
Log In

You Might Also Like...

Show Comments

Extras

Top Quizzes Today


Score Distribution

Your Account Isn't Verified!

In order to create a playlist on Sporcle, you need to verify the email address you used during registration. Go to your Sporcle Settings to finish the process.

Report this User

Report this user for behavior that violates our Community Guidelines.

Details: